000 00556nam a2200181Ia 4500
003 GCL
008 140319s9999 xx 000 0 ara d
040 _aGCL /
_cGCL
082 0 4 _a623.73
_bص ج
100 1 _aصلاح صالح
245 1 0 _aجهاز التوقيع الرادارى الاوتوماتى (أربا) /
_cصلاح صالح
260 _a[S.N] :
_bفؤاد هاشم الكتبى ،
_c1989
490 _a
650 0 4 _aالتكنولوجيا
650 0 4 _aالرادار فى الملاحة
650 0 4 _aالاجهزة
942 _2ddc
_cBK
999 _c55040
_d55040